Statistics for Countries and U.S. States with Similar Areas

Click here to take the quiz!

General Stats

  • This quiz has been taken 8 times
  • The average score is 6 of 20

Answer Stats

QuestionAnswer% Correct
PolandNew Mexico
57%
ArgentinaAlaska + Texas + California
43%
ItalyArizona
43%
IraqCalifornia
43%
GreeceLouisiana
43%
PortugalMaine
43%
JapanMontana
43%
CambodiaOklahoma
43%
LibyaAlaska
29%
GuyanaIdaho
29%
NepalIowa
29%
EcuadorNevada
29%
TajikistanNew York
29%
GuatemalaTennessee
29%
New ZealandColorado
14%
HungaryIndiana
14%
IcelandKentucky
14%
SlovakiaNew Hampshire + Vermont
14%
MyanmarTexas
14%
North KoreaPennsylvania
0%

Score Distribution

Percentile by Number Answered

Percent of People with Each Score

Your Score History

You have not taken this quiz